000 00544nam a2200181Ia 4500
003 GCL
008 140319s9999 xx 000 0 ara d
040 _aGCL /
_cGCL
082 0 4 _aق
_b932
_bز و
100 1 _aزهير الشايب (مترجم)
245 1 0 _aلوحات الدولة القديمة /
_cزهير الشايب (مترجم)
260 _a[S.N] :
_bمكتبة مدبولى ،
_c1988
490 _a
650 0 4 _aتاريخ
650 0 4 _aمصر القديمة
650 0 4 _aالحضارة الفرعونية
942 _2ddc
_cBK
999 _c58133
_d58133